<?xml version="1.0" encoding="UTF-8"?>
<record
    xmlns:xsi="http://www.w3.org/2001/XMLSchema-instance"
    xsi:schemaLocation="http://www.loc.gov/MARC21/slim http://www.loc.gov/standards/marcxml/schema/MARC21slim.xsd"
    xmlns="http://www.loc.gov/MARC21/slim">

  <leader>01146nam2a22002291  4500</leader>
  <controlfield tag="001">v19\rc\1311843</controlfield>
  <controlfield tag="005">20250618033113.0</controlfield>
  <datafield tag="035" ind1=" " ind2=" ">
    <subfield code="a">(NLR Aleph) 004468312</subfield>
  </datafield>
  <datafield tag="090" ind1=" " ind2=" ">
    <subfield code="a">4550260</subfield>
    <subfield code="c">4550260</subfield>
  </datafield>
  <datafield tag="100" ind1=" " ind2=" ">
    <subfield code="a">20060512d1899    |||y0rusy50      ca</subfield>
  </datafield>
  <datafield tag="101" ind1="0" ind2=" ">
    <subfield code="a">rus</subfield>
  </datafield>
  <datafield tag="102" ind1=" " ind2=" ">
    <subfield code="a">RU</subfield>
  </datafield>
  <datafield tag="105" ind1=" " ind2=" ">
    <subfield code="a">y   z   |||||</subfield>
  </datafield>
  <datafield tag="200" ind1="0" ind2=" ">
    <subfield code="a">... &#x437;&#x430; 1898 &#x433;&#x43E;&#x434;</subfield>
  </datafield>
  <datafield tag="210" ind1=" " ind2=" ">
    <subfield code="d">&#x446;&#x435;&#x43D;&#x437;. 1899</subfield>
    <subfield code="a">&#x411;. &#x43C;.</subfield>
  </datafield>
  <datafield tag="215" ind1=" " ind2=" ">
    <subfield code="a">[4] &#x441;.</subfield>
  </datafield>
  <datafield tag="461" ind1=" " ind2="0">
    <subfield code="1">001v19\rc\1311842</subfield>
    <subfield code="1">2001#$a&#x41E;&#x442;&#x447;&#x435;&#x442; &#x442;&#x43E;&#x432;&#x430;&#x440;&#x438;&#x449;&#x435;&#x441;&#x442;&#x432;&#x430; &#x41D;&#x430;&#x440;&#x432;&#x441;&#x43A;&#x43E;&#x439; &#x43B;&#x44C;&#x43D;&#x43E;&#x43F;&#x440;&#x44F;&#x434;&#x438;&#x43B;&#x44C;&#x43D;&#x43E;&#x439; &#x43C;&#x430;&#x43D;&#x443;&#x444;&#x430;&#x43A;&#x442;&#x443;&#x440;&#x44B; &#x431;&#x44B;&#x432;&#x448;&#x435;&#x439; &#x43B;&#x44C;&#x43D;&#x43E;&#x43F;&#x440;&#x44F;&#x434;&#x438;&#x43B;&#x44C;&#x43D;&#x43E;&#x439; &#x444;&#x430;&#x431;&#x440;&#x438;&#x43A;&#x438; &#x431;&#x430;&#x440;&#x43E;&#x43D;&#x430; &#x410;.&#x41B;. &#x428;&#x442;&#x438;&#x433;&#x43B;&#x438;&#x446;&#x430;...$v... &#x437;&#x430; 1898 &#x433;&#x43E;&#x434;$90</subfield>
    <subfield code="9">4550258</subfield>
    <subfield code="a">&#x41D;&#x430;&#x440;&#x432;&#x441;&#x43A;&#x430;&#x44F; &#x43B;&#x44C;&#x43D;&#x43E;&#x43F;&#x440;&#x44F;&#x434;&#x438;&#x43B;&#x44C;&#x43D;&#x430;&#x44F; &#x43C;&#x430;&#x43D;&#x443;&#x444;&#x430;&#x43A;&#x442;&#x443;&#x440;&#x430;</subfield>
    <subfield code="c">[&#x421;&#x430;&#x43D;&#x43A;&#x442;-&#x41F;&#x435;&#x442;&#x435;&#x440;&#x431;&#x443;&#x440;&#x433;]</subfield>
    <subfield code="d">&#x446;&#x435;&#x43D;&#x437;. 1899</subfield>
    <subfield code="t">&#x41E;&#x442;&#x447;&#x435;&#x442; &#x442;&#x43E;&#x432;&#x430;&#x440;&#x438;&#x449;&#x435;&#x441;&#x442;&#x432;&#x430; &#x41D;&#x430;&#x440;&#x432;&#x441;&#x43A;&#x43E;&#x439; &#x43B;&#x44C;&#x43D;&#x43E;&#x43F;&#x440;&#x44F;&#x434;&#x438;&#x43B;&#x44C;&#x43D;&#x43E;&#x439; &#x43C;&#x430;&#x43D;&#x443;&#x444;&#x430;&#x43A;&#x442;&#x443;&#x440;&#x44B; &#x431;&#x44B;&#x432;&#x448;&#x435;&#x439; &#x43B;&#x44C;&#x43D;&#x43E;&#x43F;&#x440;&#x44F;&#x434;&#x438;&#x43B;&#x44C;&#x43D;&#x43E;&#x439; &#x444;&#x430;&#x431;&#x440;&#x438;&#x43A;&#x438; &#x431;&#x430;&#x440;&#x43E;&#x43D;&#x430; &#x410;.&#x41B;. &#x428;&#x442;&#x438;&#x433;&#x43B;&#x438;&#x446;&#x430; ...</subfield>
    <subfield code="v">... &#x437;&#x430; 1898 &#x433;&#x43E;&#x434;$90</subfield>
  </datafield>
  <datafield tag="801" ind1=" " ind2="0">
    <subfield code="a">RU</subfield>
    <subfield code="b">NLR</subfield>
    <subfield code="g">psbo</subfield>
  </datafield>
  <datafield tag="801" ind1=" " ind2="1">
    <subfield code="a">RU</subfield>
    <subfield code="b">ProSoft-M</subfield>
    <subfield code="2">rusmarc</subfield>
  </datafield>
  <datafield tag="852" ind1=" " ind2=" ">
    <subfield code="a">NLR</subfield>
    <subfield code="j">20.67.3.32</subfield>
  </datafield>
  <datafield tag="942" ind1=" " ind2=" ">
    <subfield code="c">BOOK</subfield>
  </datafield>
  <datafield tag="980" ind1=" " ind2=" ">
    <subfield code="a">NB</subfield>
  </datafield>
  <datafield tag="995" ind1=" " ind2=" ">
    <subfield code="5">2013-10-26</subfield>
    <subfield code="b">NLR02</subfield>
    <subfield code="c">NLR02</subfield>
    <subfield code="e">RFS</subfield>
    <subfield code="f">4468312-10</subfield>
    <subfield code="k">20.67.3.32</subfield>
    <subfield code="o">0</subfield>
    <subfield code="r">BOOK</subfield>
    <subfield code="s">2067332_</subfield>
  </datafield>
</record>
